[Event "Amber 2005 Blindfold"]
[Site "Monaco MNC"]
[Date "2005.03.19"]
[Round "1.2"]
[White "Morozevich, Alexander"]
[Black "Van Wely, Loek"]
[Result "1-0"]
[WhiteElo "2741"]
[BlackElo "2679"]
[PlyCount "63"]
[EventDate "23.03.19"]
[EventType "tourn"]
[EventRounds "11"]
[EventCountry "MNC"]
[EventCategory "20"]
[Source "lmi"]
[SourceDate "2005.03.31"]

1. d4 d5 2. Bg5 f6 3. Bf4 Nc6 4. Nf3 Bg4 5. c4 dxc4 6. d5 e5 7. Bc1 Nb4 8. e4
c6 9. a3 Nd3+ 10. Bxd3 cxd3 11. dxc6 bxc6 12. O-O Bc5 13. h3 Bh5 14. b4 Bb6 15.
a4 Qd6 16. Nbd2 Rd8 17. Ba3 Ne7 18. a5 Bd4 19. Rc1 a6 20. Qa4 Ba7 21. Rc3 Qe6
22. Qb3 Qxb3 23. Nxb3 Bxf3 24. gxf3 Kf7 25. Rd1 Ke6 26. Bc1 d2 27. Bxd2 Rd6 28.
Rb1 Rhd8 29. Be3 Ng6 30. Bxa7 Rd1+ 31. Rxd1 Rxd1+ 32. Kh2 1-0

[Event "Amber 2005 Blindfold"]
[Site "Monaco MNC"]
[Date "2005.03.19"]
[Round "1.4"]
[White "Vallejo Pons, Francisco"]
[Black "Topalov, Veselin"]
[Result "1-0"]
[WhiteElo "2686"]
[BlackElo "2757"]
[PlyCount "109"]
[EventDate "23.03.19"]
[EventType "tourn"]
[EventRounds "11"]
[EventCountry "MNC"]
[EventCategory "20"]
[Source "lmi"]
[SourceDate "2005.03.31"]

1. Nf3 d5 2. d4 Nf6 3. c4 e6 4. Nc3 dxc4 5. e4 Bb4 6. Bg5 c5 7. e5 h6 8. exf6
hxg5 9. fxg7 Rg8 10. a3 Bxc3+ 11. bxc3 Qa5 12. dxc5 Nc6 13. Nd2 Qxc5 14. Bxc4
Rxg7 15. O-O Bd7 16. Ne4 Qe7 17. Re1 Kf8 18. Qh5 Kg8 19. Re3 g4 20. Rg3 b5 21.
Bb3 Na5 22. Ba2 Bc6 23. Rxg4 Bxe4 24. Rxe4 Qg5 25. Qh3 Rd8 26. Rae1 Rg6 27. Bb1
Qd2 28. Kf1 Rf6 29. Qg3+ Kf8 30. Rh4 Ke7 31. Qc7+ Rd7 32. Qc5+ Qd6 33. Qxb5 Nc6
34. Be4 Ne5 35. Qb4 a5 36. Qxd6+ Rxd6 37. Bc2 Nd7 38. Rc4 Nb6 39. Rc7+ Kf8 40.
Rd1 Nd5 41. Rc8+ Kg7 42. Rd3 Rh6 43. c4 Ne7 44. Rc7 Rxd3 45. Bxd3 Kf6 46. h3
Rh8 47. Rc5 a4 48. Ke2 e5 49. Bc2 Rb8 50. Rb5 Rc8 51. Rb6+ Kg5 52. Bxa4 Rxc4
53. Bb3 Re4+ 54. Kf1 f5 55. g3 1-0

[Event "Amber 2005 Blindfold"]
[Site "Monaco MNC"]
[Date "2005.03.20"]
[Round "2.4"]
[White "Svidler, Peter"]
[Black "Gelfand, Boris"]
[Result "1-0"]
[WhiteElo "2735"]
[BlackElo "2696"]
[PlyCount "81"]
[EventDate "23.03.19"]
[EventType "tourn"]
[EventRounds "11"]
[EventCountry "MNC"]
[EventCategory "20"]
[Source "lmi"]
[SourceDate "2005.03.31"]

1. e4 c5 2. Nf3 d6 3. d4 cxd4 4. Nxd4 Nf6 5. Nc3 a6 6. f3 e6 7. Be3 b5 8. g4 h6
9. Qd2 Nbd7 10. O-O-O b4 11. Nce2 Qa5 12. Kb1 Bb7 13. Nb3 Qc7 14. Qxb4 d5 15.
Qa5 Rc8 16. Qxc7 Rxc7 17. exd5 Bxd5 18. Bg2 Nxg4 19. Bf4 Nge5 20. Nc3 Rxc3 21.
bxc3 g5 22. Bg3 Bg7 23. Rxd5 exd5 24. f4 gxf4 25. Bxf4 O-O 26. Nd4 Rb8+ 27. Kc1
Rc8 28. Nf5 Rxc3 29. Bd2 Rc5 30. Rg1 Bf6 31. Bxd5+ Kh8 32. Be4 Rc4 33. Bh1 Nd3+
34. Kb1 N3e5 35. Bxh6 Nb6 36. Bd2 Na4 37. Rg3 Rc8 38. Ne3 Nc4 39. Nxc4 Rxc4 40.
Bd5 Rb4+ 41. Bxb4 1-0

[Event "Amber 2005 Blindfold"]
[Site "Monaco MNC"]
[Date "2005.03.20"]
[Round "2.5"]
[White "Van Wely, Loek"]
[Black "Bareev, Evgeny"]
[Result "1/2-1/2"]
[WhiteElo "2679"]
[BlackElo "2709"]
[PlyCount "118"]
[EventDate "23.03.19"]
[EventType "tourn"]
[EventRounds "11"]
[EventCountry "MNC"]
[EventCategory "20"]
[Source "lmi"]
[SourceDate "2005.03.31"]

1. d4 d5 2. c4 c6 3. Nc3 Nf6 4. Nf3 dxc4 5. a4 Bf5 6. e3 e6 7. Bxc4 Bb4 8. O-O
Nbd7 9. Qe2 Bg4 10. Rd1 O-O 11. e4 Rc8 12. h3 Bxf3 13. Qxf3 e5 14. Be3 Re8 15.
dxe5 Nxe5 16. Qf5 Qc7 17. Ba2 Ng6 18. Bd4 Qe7 19. Bxf6 Qxf6 20. Rd7 Re7 21.
Rxe7 Nxe7 22. Qxf6 gxf6 23. Rd1 Bxc3 24. bxc3 Rc7 25. f4 a5 26. c4 c5 27. Kf2
Nc6 28. Rd6 Kg7 29. Bb1 Ne7 30. Ke3 Nc8 31. Rd2 Nb6 32. Bd3 Rd7 33. Rb2 Nxa4
34. Rb3 Rd6 35. Rxb7 Rb6 36. Ra7 Nb2 37. Be2 a4 38. Bh5 Nxc4+ 39. Kd3 Nd6 40.
e5 fxe5 41. fxe5 Rb3+ 42. Kc2 Rb7 43. Rxa4 Nf5 44. Kc3 Nd4 45. Kc4 Ne6 46. Bg4
Rb6 47. Bxe6 Rxe6 48. Kd5 Kg6 49. Rf4 h5 50. g3 Ra6 51. Kxc5 Ra3 52. Rf6+ Kg7
53. Rf5 Kg6 54. Rf6+ Kg7 55. Kd6 Ra6+ 56. Ke7 Ra7+ 57. Kd6 Ra6+ 58. Ke7 Ra7+
59. Kd6 Ra6+ 1/2-1/2

[Event "Amber 2005 Blindfold"]
[Site "Monaco MNC"]
[Date "2005.03.21"]
[Round "3.6"]
[White "Shirov, Alexei"]
[Black "Ivanchuk, Vassily"]
[Result "0-1"]
[WhiteElo "2713"]
[BlackElo "2711"]
[PlyCount "104"]
[EventDate "23.03.19"]
[EventType "tourn"]
[EventRounds "11"]
[EventCountry "MNC"]
[EventCategory "20"]
[Source "lmi"]
[SourceDate "2005.03.31"]

1. e4 e6 2. d4 d5 3. e5 c5 4. c3 Qb6 5. Nf3 Nc6 6. Be2 cxd4 7. cxd4 Nh6 8. Nc3
Nf5 9. Na4 Qa5+ 10. Bd2 Bb4 11. Bc3 b5 12. a3 Bxc3+ 13. Nxc3 b4 14. axb4 Qxb4
15. Bb5 Bd7 16. Bxc6 Bxc6 17. Qd2 O-O 18. O-O Rfb8 19. Rab1 Rb6 20. Rfc1 Rab8
21. Rc2 h6 22. g3 a5 23. Kg2 a4 24. Ra1 Be8 25. h3 Bd7 26. Rac1 Rc6 27. g4 Ne7
28. Ra1 Rc4 29. Ra2 Qb6 30. Rc1 Rb4 31. Rca1 Ng6 32. Nd1 Bb5 33. Nc3 Qd8 34.
Kg3 Bc4 35. Rxa4 Rxb2 36. Qe3 R2b3 37. R1a3 Qe7 38. Rxb3 Rxb3 39. Ra1 Qb4 40.
Rc1 Ne7 41. Nd2 Ra3 42. f3 Nc6 43. Nxc4 dxc4 44. Qd2 Qa5 45. h4 Rb3 46. h5 Qd8
47. Rd1 Nb4 48. Ra1 Nd3 49. Ne2 Nxe5 50. Qa5 Qxa5 51. Rxa5 Nxf3 52. Nc1 Rb1 0-1

[Event "Amber 2005 Blindfold"]
[Site "Monaco MNC"]
[Date "2005.03.22"]
[Round "4.1"]
[White "Vallejo Pons, Francisco"]
[Black "Shirov, Alexei"]
[Result "0-1"]
[WhiteElo "2686"]
[BlackElo "2713"]
[PlyCount "52"]
[EventDate "23.03.19"]
[EventType "tourn"]
[EventRounds "11"]
[EventCountry "MNC"]
[EventCategory "20"]
[Source "lmi"]
[SourceDate "2005.03.31"]

1. d4 d5 2. c4 c6 3. Nc3 Nf6 4. e3 a6 5. Nf3 b5 6. c5 g6 7. Bd3 Bg7 8. b4 Bg4
9. Bb2 Nbd7 10. Ne2 Qc7 11. a4 O-O 12. Ra3 Rfb8 13. Qa1 Bxf3 14. gxf3 Qc8 15.
Bc3 Ne8 16. f4 Ndf6 17. Ng3 e6 18. Ke2 Nc7 19. Bd2 Qd8 20. Qg1 Kf8 21. Qg2 bxa4
22. Rxa4 Ra7 23. Rha1 Rba8 24. R1a2 Nd7 25. Qf3 Qh4 26. Qg4 Qxg4+ 0-1

[Event "Amber 2005 Blindfold"]
[Site "Monaco MNC"]
[Date "2005.03.22"]
[Round "4.2"]
[White "Topalov, Veselin"]
[Black "Ivanchuk, Vassily"]
[Result "1/2-1/2"]
[WhiteElo "2757"]
[BlackElo "2711"]
[PlyCount "55"]
[EventDate "23.03.19"]
[EventType "tourn"]
[EventRounds "11"]
[EventCountry "MNC"]
[EventCategory "20"]
[Source "lmi"]
[SourceDate "2005.03.31"]

1. Nf3 Nf6 2. c4 e6 3. d4 d5 4. Nc3 c6 5. e3 Nbd7 6. Qc2 Bd6 7. Bd3 O-O 8. O-O
dxc4 9. Bxc4 a6 10. Bd3 e5 11. Bd2 h6 12. Rfe1 Re8 13. h3 Qe7 14. Ne4 Nxe4 15.
Bxe4 Nf6 16. dxe5 Nxe4 17. Qxe4 Bxe5 18. Nxe5 Qxe5 19. Qxe5 Rxe5 20. Bc3 Re8
21. a4 a5 22. Red1 Be6 23. f3 Bb3 24. Rd7 b5 25. axb5 cxb5 26. Rb7 Bc4 27. Rxa5
Rxa5 28. Bxa5 1/2-1/2

[Event "Amber 2005 Blindfold"]
[Site "Monaco MNC"]
[Date "2005.03.22"]
[Round "4.4"]
[White "Svidler, Peter"]
[Black "Van Wely, Loek"]
[Result "0-1"]
[WhiteElo "2735"]
[BlackElo "2679"]
[PlyCount "58"]
[EventDate "23.03.19"]
[EventType "tourn"]
[EventRounds "11"]
[EventCountry "MNC"]
[EventCategory "20"]
[Source "lmi"]
[SourceDate "2005.03.31"]

1. e4 c5 2. Nf3 Nc6 3. Nc3 Nf6 4. Bb5 Qc7 5. O-O Nd4 6. Nxd4 cxd4 7. Nd5 Nxd5
8. exd5 Qc5 9. c4 a6 10. b4 Qxb4 11. Ba4 g6 12. Bb3 Bg7 13. a4 d6 14. Ba3 Qa5
15. Re1 Qd8 16. c5 O-O 17. Rc1 dxc5 18. Bxc5 Re8 19. a5 Bf5 20. Qf3 Qxa5 21.
Bxe7 Qxd2 22. d6 Bf8 23. g4 Bxe7 24. dxe7 Qg5 25. h3 Be6 26. Rxe6 fxe6 27.
Bxe6+ Kh8 28. Rc7 Rxe7 29. Qxb7 Rae8 0-1

[Event "Amber 2005 Blindfold"]
[Site "Monaco MNC"]
[Date "2005.03.22"]
[Round "4.5"]
[White "Leko, Peter"]
[Black "Gelfand, Boris"]
[Result "1/2-1/2"]
[WhiteElo "2749"]
[BlackElo "2696"]
[PlyCount "56"]
[EventDate "23.03.19"]
[EventType "tourn"]
[EventRounds "11"]
[EventCountry "MNC"]
[EventCategory "20"]
[Source "lmi"]
[SourceDate "2005.03.31"]

1. e4 c5 2. Nf3 d6 3. d4 cxd4 4. Nxd4 Nf6 5. Nc3 a6 6. f3 e6 7. Be3 b5 8. Qd2
Nbd7 9. g4 h6 10. a3 Bb7 11. O-O-O d5 12. exd5 Nxd5 13. Nxd5 Bxd5 14. Rg1 Ne5
15. f4 Nf3 16. Nxf3 Bxf3 17. Bg2 Qxd2+ 18. Rxd2 Bxg2 19. Rgxg2 Be7 20. f5 O-O
21. Rd7 Bf6 22. fxe6 fxe6 23. Rd6 Kf7 24. c3 Rfd8 25. Rgd2 Rxd6 26. Rxd6 Be5
27. Rd2 Rc8 28. Kc2 Rc4 1/2-1/2

[Event "Amber 2005 Blindfold"]
[Site "Monaco MNC"]
[Date "2005.03.22"]
[Round "4.6"]
[White "Morozevich, Alexander"]
[Black "Bareev, Evgeny"]
[Result "1-0"]
[WhiteElo "2741"]
[BlackElo "2709"]
[PlyCount "97"]
[EventDate "23.03.19"]
[EventType "tourn"]
[EventRounds "11"]
[EventCountry "MNC"]
[EventCategory "20"]
[Source "lmi"]
[SourceDate "2005.03.31"]

1. e4 c6 2. Nf3 d5 3. exd5 cxd5 4. Ne5 e6 5. d4 Nc6 6. Bb5 Qb6 7. c4 Bb4+ 8.
Nc3 Nge7 9. O-O O-O 10. Bxc6 bxc6 11. Na4 Qd8 12. Qc2 Bd6 13. Re1 Qc7 14. Bd2
Nf5 15. Nf3 dxc4 16. Qxc4 a5 17. Nc5 Qb6 18. Rac1 h6 19. b3 Rd8 20. Qc2 Bf8 21.
Be3 Rd5 22. h3 Qb5 23. Na4 Bb4 24. Red1 Bb7 25. a3 Bxa3 26. Nc3 Nxe3 27. fxe3
Bxc1 28. Nxb5 Bxe3+ 29. Kh1 Rxb5 30. Qe4 Bg5 31. Nxg5 Rxg5 32. Rd2 Rf5 33. Qe3
Rd5 34. Qf4 Rd7 35. Qe5 Rd5 36. Qc7 Rb5 37. Rd3 Rc8 38. Qd7 Rf8 39. Kh2 Ba8 40.
Rc3 Rb7 41. Qd6 Rbb8 42. Rg3 Rb5 43. Qe7 Rf5 44. Qh4 Kh8 45. Qe7 Kg8 46. Kg1 g6
47. Qa7 Rd8 48. Qc7 h5 49. Qxd8+ 1-0

[Event "Amber 2005 Blindfold"]
[Site "Monaco MNC"]
[Date "2005.03.24"]
[Round "5.1"]
[White "Bareev, Evgeny"]
[Black "Svidler, Peter"]
[Result "0-1"]
[WhiteElo "2709"]
[BlackElo "2735"]
[PlyCount "66"]
[EventDate "23.03.19"]
[EventType "tourn"]
[EventRounds "11"]
[EventCountry "MNC"]
[EventCategory "20"]
[Source "lmi"]
[SourceDate "2005.03.31"]

1. c4 Nf6 2. Nc3 e5 3. Nf3 Nc6 4. g3 Nd4 5. Bg2 Nxf3+ 6. Bxf3 Bb4 7. Qb3 Bc5 8.
O-O c6 9. e3 O-O 10. Rd1 d5 11. cxd5 cxd5 12. Nxd5 Be6 13. Nxf6+ Qxf6 14. Bd5
Rad8 15. Bxe6 fxe6 16. Rf1 e4 17. Qxb7 Qf3 18. d4 h5 19. Qb3 Rd5 20. Bd2 Bd6
21. Qd1 Qf5 22. Qe2 h4 23. Rac1 Qh3 24. Rc6 Rf3 25. Rxd6 Rxd6 26. Rc1 Rd5 27.
Qf1 Qf5 28. Be1 Qg6 29. Rc6 Rf6 30. Qe2 hxg3 31. hxg3 Rh5 32. Rc8+ Kh7 33. Qf1
Qg4 0-1

[Event "Amber 2005 Blindfold"]
[Site "Monaco MNC"]
[Date "2005.03.24"]
[Round "5.2"]
[White "Gelfand, Boris"]
[Black "Morozevich, Alexander"]
[Result "1/2-1/2"]
[WhiteElo "2696"]
[BlackElo "2741"]
[PlyCount "127"]
[EventDate "23.03.19"]
[EventType "tourn"]
[EventRounds "11"]
[EventCountry "MNC"]
[EventCategory "20"]
[Source "lmi"]
[SourceDate "2005.03.31"]

1. d4 d5 2. Nf3 Nf6 3. c4 c6 4. Nc3 dxc4 5. a4 Bf5 6. Ne5 Nbd7 7. Nxc4 Qc7 8.
g3 e5 9. dxe5 Nxe5 10. Bf4 Nfd7 11. Bg2 g5 12. Bxe5 Nxe5 13. Qd4 f6 14. O-O-O
Be6 15. f4 gxf4 16. gxf4 Nxc4 17. Qxf6 Bf7 18. Qxh8 Qxf4+ 19. Kb1 Bg6+ 20. Ka2
Ne3 21. Bh3 Nxd1 22. Rxd1 Rd8 23. Rf1 Qc4+ 24. Ka1 Qc5 25. Be6 Qe7 26. Bf5 Bxf5
27. Rxf5 Qg7 28. Qxg7 Bxg7 29. Ra5 a6 30. Rh5 h6 31. Kb1 Rd4 32. Kc2 Kf7 33.
Rf5+ Ke6 34. Rf3 a5 35. b3 Rh4 36. h3 Be5 37. Nd1 b5 38. axb5 cxb5 39. Nc3 Rb4
40. Na2 Re4 41. e3 a4 42. bxa4 bxa4 43. Kd3 Rh4 44. Rf8 a3 45. Ra8 Bb2 46. Ra6+
Kf7 47. Nc3 Rxh3 48. Nb5 Bc1 49. Nxa3 Rxe3+ 50. Kd4 Re7 51. Nc4 Bf4 52. Nd6+
Bxd6 53. Rxd6 Kg7 54. Kd3 h5 55. Rd4 Kg6 56. Re4 Rf7 57. Ke2 Kg5 58. Re8 h4 59.
Rg8+ Kh5 60. Rh8+ Kg4 61. Rg8+ Kh3 62. Rg6 Kh2 63. Rg8 h3 64. Rg6 1/2-1/2

[Event "Amber 2005 Blindfold"]
[Site "Monaco MNC"]
[Date "2005.03.24"]
[Round "5.4"]
[White "Kramnik, Vladimir"]
[Black "Vallejo Pons, Francisco"]
[Result "0-1"]
[WhiteElo "2754"]
[BlackElo "2686"]
[PlyCount "52"]
[EventDate "23.03.19"]
[EventType "tourn"]
[EventRounds "11"]
[EventCountry "MNC"]
[EventCategory "20"]
[Source "lmi"]
[SourceDate "2005.03.31"]

1. e4 c5 2. Nf3 Nc6 3. d4 cxd4 4. Nxd4 e5 5. Nb5 a6 6. Nd6+ Bxd6 7. Qxd6 Qf6 8.
Qd1 Qg6 9. Nc3 Nge7 10. h4 h5 11. Rh3 d5 12. Rg3 Bg4 13. f3 dxe4 14. fxg4 Rd8
15. Bd2 f5 16. Re3 hxg4 17. Kf2 Rxh4 18. Rc1 Qd6 19. Ke1 Rh1 20. Qe2 Nd4 21.
Qf2 f4 22. Nxe4 Qg6 23. Ng3 fxg3 24. Rxg3 Qe4+ 25. Kd1 Nef5 26. Rd3 g3 0-1

[Event "Amber 2005 Blindfold"]
[Site "Monaco MNC"]
[Date "2005.03.24"]
[Round "5.6"]
[White "Shirov, Alexei"]
[Black "Topalov, Veselin"]
[Result "1/2-1/2"]
[WhiteElo "2713"]
[BlackElo "2757"]
[PlyCount "65"]
[EventDate "23.03.19"]
[EventType "tourn"]
[EventRounds "11"]
[EventCountry "MNC"]
[EventCategory "20"]
[Source "lmi"]
[SourceDate "2005.03.31"]

1. e4 e5 2. Nf3 Nc6 3. Bb5 Nf6 4. O-O Nxe4 5. d4 Nd6 6. Bxc6 dxc6 7. dxe5 Nf5
8. Qxd8+ Kxd8 9. Nc3 h6 10. b3 Be6 11. Ne2 Bd5 12. Nfd4 Nxd4 13. Nxd4 Bc5 14.
Nf5 Rg8 15. Be3 Bxe3 16. Nxe3 Ke7 17. Rad1 Rad8 18. Rd4 Be6 19. Rfd1 Rxd4 20.
Rxd4 g5 21. f3 a5 22. Kf2 b6 23. g3 f6 24. exf6+ Kxf6 25. h4 c5 26. Re4 Rd8 27.
Ke2 Rd4 28. hxg5+ hxg5 29. a4 Rd8 30. f4 gxf4 31. Rxf4+ Kg5 32. Re4 Kf6 33.
Rf4+ 1/2-1/2

[Event "Amber 2005 Blindfold"]
[Site "Monaco MNC"]
[Date "2005.03.25"]
[Round "6.3"]
[White "Kramnik, Vladimir"]
[Black "Bareev, Evgeny"]
[Result "1-0"]
[WhiteElo "2754"]
[BlackElo "2709"]
[PlyCount "75"]
[EventDate "23.03.19"]
[EventType "tourn"]
[EventRounds "11"]
[EventCountry "MNC"]
[EventCategory "20"]
[Source "lmi"]
[SourceDate "2005.03.31"]

1. e4 e6 2. d4 d5 3. Nc3 dxe4 4. Nxe4 Nd7 5. Nf3 Ngf6 6. Bd3 c5 7. O-O Nxe4 8.
Bxe4 Nf6 9. Bg5 cxd4 10. Nxd4 Be7 11. Bf3 O-O 12. a4 a6 13. Re1 Qc7 14. c3 Re8
15. Qb3 Rb8 16. g3 Bd7 17. a5 Bc5 18. Rad1 Qxa5 19. Bf4 Bxd4 20. Bxb8 Bxf2+ 21.
Kxf2 Rxb8 22. Rd4 Qf5 23. Red1 e5 24. g4 Nxg4+ 25. Rxg4 Bc6 26. Rd5 h5 27. Re4
Re8 28. c4 Qh3 29. Kg1 Re6 30. Qd1 f5 31. Bg2 Rg6 32. Re2 Qf3 33. Rf2 Qe4 34.
Kh1 Qh4 35. Rxf5 Rxg2 36. Kxg2 Qxc4 37. Rfxe5 h4 38. Kh3 1-0

[Event "Amber 2005 Blindfold"]
[Site "Monaco MNC"]
[Date "2005.03.25"]
[Round "6.4"]
[White "Ivanchuk, Vassily"]
[Black "Gelfand, Boris"]
[Result "1/2-1/2"]
[WhiteElo "2711"]
[BlackElo "2696"]
[PlyCount "40"]
[EventDate "23.03.19"]
[EventType "tourn"]
[EventRounds "11"]
[EventCountry "MNC"]
[EventCategory "20"]
[Source "lmi"]
[SourceDate "2005.03.31"]

1. Nf3 Nf6 2. c4 c6 3. Nc3 d5 4. d4 dxc4 5. a4 Bf5 6. e3 e6 7. Bxc4 Bb4 8. O-O
O-O 9. Qe2 Ne4 10. Na2 Be7 11. Rd1 Nd7 12. Bd3 Bg6 13. h3 c5 14. Qc2 Nef6 15.
Bxg6 hxg6 16. dxc5 Qc7 17. Bd2 Qxc5 18. Qxc5 Nxc5 19. Bb4 Rfc8 20. Nc3 Bf8
1/2-1/2

[Event "Amber 2005 Blindfold"]
[Site "Monaco MNC"]
[Date "2005.03.25"]
[Round "6.5"]
[White "Shirov, Alexei"]
[Black "Van Wely, Loek"]
[Result "1-0"]
[WhiteElo "2713"]
[BlackElo "2679"]
[PlyCount "115"]
[EventDate "23.03.19"]
[EventType "tourn"]
[EventRounds "11"]
[EventCountry "MNC"]
[EventCategory "20"]
[Source "lmi"]
[SourceDate "2005.03.31"]

1. e4 c5 2. Nf3 Nc6 3. Bb5 g6 4. Bxc6 dxc6 5. d3 Bg7 6. h3 Nf6 7. Nc3 Nd7 8.
Be3 e5 9. Qd2 h6 10. O-O Qe7 11. Nh2 Nf8 12. f4 exf4 13. Bxf4 Ne6 14. Bg3 Qg5
15. Qe1 Nd4 16. Qf2 O-O 17. Bd6 Bxh3 18. Bf4 Qxg2+ 19. Qxg2 Bxg2 20. Kxg2 Nxc2
21. Rad1 Rad8 22. Ng4 h5 23. Nf2 Rfe8 24. Ne2 Be5 25. Bc1 b6 26. a3 a5 27. a4
Rd7 28. b3 Na1 29. Be3 Nxb3 30. Rb1 c4 31. dxc4 Nd2 32. Rfd1 Red8 33. Rbc1 c5
34. Bf4 f6 35. Bxe5 fxe5 36. Nc3 Rd4 37. Nd5 Rf8 38. Rc2 Nf3 39. Rh1 Ng5 40.
Re1 Rf3 41. Rb1 h4 42. Rxb6 Rg3+ 43. Kf1 Nf3 44. Rcb2 Nd2+ 45. Ke2 Nxc4 46.
Rb8+ Kg7 47. Rc2 h3 48. Rb1 Nd6 49. Ne3 Nxe4 50. Nfg4 Rb4 51. Rd1 Nd6 52. Rxd6
Rbxg4 53. Nxg4 Rxg4 54. Kf3 Rxa4 55. Rxc5 Rh4 56. Rd1 a4 57. Kg3 Rc4 58. Rxc4
1-0

[Event "Amber 2005 Blindfold"]
[Site "Monaco MNC"]
[Date "2005.03.25"]
[Round "6.6"]
[White "Vallejo Pons, Francisco"]
[Black "Svidler, Peter"]
[Result "1-0"]
[WhiteElo "2686"]
[BlackElo "2735"]
[PlyCount "105"]
[EventDate "23.03.19"]
[EventType "tourn"]
[EventRounds "11"]
[EventCountry "MNC"]
[EventCategory "20"]
[Source "lmi"]
[SourceDate "2005.03.31"]

1. d4 Nf6 2. c4 g6 3. Nc3 d5 4. Qa4+ Bd7 5. Qb3 Nc6 6. Nf3 Na5 7. Qc2 dxc4 8.
e4 c6 9. b4 cxb3 10. axb3 b6 11. b4 Nb7 12. Ba6 Qb8 13. Ne5 Bg7 14. Bf4 Nd6 15.
h3 O-O 16. Bh2 Qe8 17. Nf3 c5 18. e5 cxd4 19. Nxd4 Nf5 20. Nf3 Nh5 21. g4 Bc6
22. Ne4 Nd6 23. Ned2 Bh6 24. O-O Nf4 25. Bxf4 Bxf4 26. exd6 Bxd6 27. Nd4 Bd5
28. Bb5 Qb8 29. N4f3 Bxb4 30. Rfd1 Qf4 31. Qd3 Rfd8 32. Qe3 Qxe3 33. fxe3 a5
34. Kf2 Kg7 35. Ke2 Rdc8 36. Rdb1 Rc2 37. Kd1 Rc5 38. Bd3 Rd8 39. Ke2 Rc3 40.
Ne1 Rc6 41. Bb5 Rcd6 42. Nd3 Bxd2 43. Kxd2 Bg2 44. h4 Bf3 45. g5 Be4 46. Ra3 h6
47. gxh6+ Kxh6 48. Ke2 Kg7 49. Rb2 Rh8 50. Nf2 Rxh4 51. Nxe4 Rxe4 52. Rab3 Rc4
53. Bxc4 1-0

[Event "Amber 2005 Blindfold"]
[Site "Monaco MNC"]
[Date "2005.03.26"]
[Round "7.1"]
[White "Van Wely, Loek"]
[Black "Ivanchuk, Vassily"]
[Result "1-0"]
[WhiteElo "2679"]
[BlackElo "2711"]
[PlyCount "55"]
[EventDate "23.03.19"]
[EventType "tourn"]
[EventRounds "11"]
[EventCountry "MNC"]
[EventCategory "20"]
[Source "lmi"]
[SourceDate "2005.03.31"]

1. Nf3 Nf6 2. c4 e6 3. Nc3 b6 4. g3 Bb4 5. Bg2 Bb7 6. O-O O-O 7. d3 d5 8. cxd5
Nxd5 9. Qc2 c5 10. Nxd5 exd5 11. a3 Ba5 12. d4 Nd7 13. Bg5 f6 14. Bf4 c4 15. b4
cxb3 16. Qxb3 Rc8 17. Rac1 Qe7 18. e4 Qf7 19. e5 Rc4 20. Bh3 Re8 21. Bd2 Bxd2
22. Nxd2 Rxc1 23. Rxc1 fxe5 24. Rc7 Rf8 25. f4 Nc5 26. Rxf7 Nxb3 27. Rxf8+ Kxf8
28. Nxb3 1-0

[Event "Amber 2005 Blindfold"]
[Site "Monaco MNC"]
[Date "2005.03.26"]
[Round "7.2"]
[White "Svidler, Peter"]
[Black "Shirov, Alexei"]
[Result "1/2-1/2"]
[WhiteElo "2735"]
[BlackElo "2713"]
[PlyCount "102"]
[EventDate "23.03.19"]
[EventType "tourn"]
[EventRounds "11"]
[EventCountry "MNC"]
[EventCategory "20"]
[Source "lmi"]
[SourceDate "2005.03.31"]

1. e4 c5 2. Nf3 Nc6 3. Nc3 e5 4. Bc4 Be7 5. d3 d6 6. Nd2 Bg5 7. h4 Bxd2+ 8.
Bxd2 Nf6 9. O-O Be6 10. Nd5 O-O 11. Bg5 Bxd5 12. Bxd5 h6 13. Bxf6 Qxf6 14. Qg4
Ne7 15. Bb3 Rad8 16. Rae1 Qf4 17. Qh3 Nc6 18. c3 Qd2 19. Rb1 b5 20. Qe3 Qxe3
21. fxe3 Ne7 22. a4 bxa4 23. Bxa4 d5 24. Bb3 Rd7 25. Rf2 Rb8 26. Ba2 Kf8 27.
Rbf1 f6 28. g4 dxe4 29. dxe4 Rb6 30. g5 hxg5 31. hxg5 Ke8 32. Bc4 Rdd6 33. Ra1
a6 34. b3 Kd7 35. gxf6 Rxf6 36. Rxf6 gxf6 37. Rxa6 Rxa6 38. Bxa6 Kc7 39. Kf2
Kb6 40. Bd3 Nc8 41. Kf3 Nd6 42. Kg4 Kc7 43. Kh5 Kd7 44. Kg6 Ke7 45. b4 c4 46.
Be2 Nxe4 47. b5 Nxc3 48. b6 Kd6 49. Bxc4 Kc6 50. Kxf6 Kxb6 51. Kxe5 Nd1 1/2-1/2

[Event "Amber 2005 Blindfold"]
[Site "Monaco MNC"]
[Date "2005.03.26"]
[Round "7.3"]
[White "Gelfand, Boris"]
[Black "Vallejo Pons, Francisco"]
[Result "1/2-1/2"]
[WhiteElo "2696"]
[BlackElo "2686"]
[PlyCount "138"]
[EventDate "23.03.19"]
[EventType "tourn"]
[EventRounds "11"]
[EventCountry "MNC"]
[EventCategory "20"]
[Source "lmi"]
[SourceDate "2005.03.31"]

1. d4 Nf6 2. c4 g6 3. g3 Bg7 4. Bg2 O-O 5. Nc3 c5 6. d5 d6 7. Nf3 a6 8. a4 e6
9. O-O exd5 10. cxd5 Re8 11. Bf4 Nh5 12. Bg5 Qc7 13. Rc1 Nd7 14. Re1 b5 15.
axb5 axb5 16. Nxb5 Qb8 17. Nc3 Qxb2 18. Bd2 Qb6 19. Ng5 Ndf6 20. h3 h6 21. Nf3
Nh7 22. e4 Qc7 23. g4 N5f6 24. Bf4 Ra6 25. Nb5 Qd8 26. Nxd6 Rxd6 27. Bxd6 Qxd6
28. e5 Qxd5 29. exf6 Rxe1+ 30. Nxe1 Qxd1 31. Rxd1 Bxf6 32. Rc1 Be6 33. Rxc5 Ng5
34. Nd3 Kg7 35. Nf4 Ba2 36. Bd5 Bxd5 37. Rxd5 Be5 38. Nd3 Nxh3+ 39. Kf1 Bb8 40.
Rd8 Bc7 41. Rd7 Bb8 42. Rd4 Ng5 43. Kg2 Ne6 44. Rc4 Kf6 45. f4 Bd6 46. Kf3 Bb8
47. Ke4 Bd6 48. Kd5 Bb8 49. Rb4 Bc7 50. Kc6 Ba5 51. Rc4 h5 52. gxh5 gxh5 53. f5
Kxf5 54. Rh4 Kg5 55. Rh1 Bc7 56. Kd5 h4 57. Ke4 f5+ 58. Kf3 Nd4+ 59. Kg2 Bg3
60. Nf2 f4 61. Nh3+ Kg4 62. Nf2+ Kf5 63. Ra1 f3+ 64. Kf1 Kg5 65. Ra5+ Nf5 66.
Nh3+ Kg4 67. Nf2+ Kg5 68. Nh3+ Kg4 69. Nf2+ Kg5 1/2-1/2

[Event "Amber 2005 Blindfold"]
[Site "Monaco MNC"]
[Date "2005.03.26"]
[Round "7.4"]
[White "Morozevich, Alexander"]
[Black "Topalov, Veselin"]
[Result "0-1"]
[WhiteElo "2741"]
[BlackElo "2757"]
[PlyCount "154"]
[EventDate "23.03.19"]
[EventType "tourn"]
[EventRounds "11"]
[EventCountry "MNC"]
[EventCategory "20"]
[Source "lmi"]
[SourceDate "2005.03.31"]

1. e4 e5 2. Nf3 Nf6 3. Nxe5 d6 4. Nc4 Nxe4 5. Nc3 Nxc3 6. bxc3 Nd7 7. d4 d5 8.
Ne3 Nf6 9. Bd3 c5 10. Bb5+ Bd7 11. Qe2 Bxb5 12. Qxb5+ Qd7 13. a4 a6 14. Qxd7+
Kxd7 15. Rb1 b5 16. axb5 axb5 17. Rxb5 Kc6 18. Rb1 c4 19. f3 g6 20. Bd2 Bd6 21.
Kf2 Ra2 22. Ra1 Rha8 23. Rxa2 Rxa2 24. g4 Bf4 25. Ke2 Bd6 26. h3 Ne8 27. h4 Ng7
28. h5 gxh5 29. Nf5 Nxf5 30. gxf5 Rxc2 31. Kd1 Ra2 32. Rxh5 Ra1+ 33. Ke2 Ra2
34. Ke3 Kd7 35. Rxh7 Ke7 36. Be1 Rc2 37. f4 Rc1 38. Rh1 Kd7 39. Rf1 Ra1 40. Ke2
Bc7 41. Rf3 Ra2+ 42. Bd2 Ke7 43. Ke3 Kf6 44. Rh3 Kxf5 45. Rh5+ Ke6 46. f5+ Kf6
47. Be1 Rh2 48. Bh4+ Kg7 49. Kf3 f6 50. Kg4 Rg2+ 51. Kf3 Rh2 52. Kg4 Re2 53.
Kf3 Rc2 54. Be1 Ba5 55. Rh4 Bxc3 56. Rg4+ Kf7 57. Bf2 Rd2 58. Rh4 Rd3+ 59. Ke2
Ke7 60. Rg4 Kd6 61. Be3 Bb2 62. Rh4 Kc6 63. Rg4 Kb5 64. Rh4 Ka4 65. Rg4 Kb3 66.
Rh4 Kc2 67. Rg4 Kb3 68. Rh4 Kc3 69. Rg4 Kc2 70. Rh4 Bc3 71. Rg4 Bd2 72. Bf2 c3
73. Rg6 Bg5 74. Rxg5 fxg5 75. f6 Rh3 76. Be3 g4 77. f7 Rf3 0-1